| 000 | 01055nam a2200289Ia 4500 | ||
|---|---|---|---|
| 003 | OSt | ||
| 005 | 20221007123343.0 | ||
| 006 | a|||||r|||| 00| 0 | ||
| 007 | ta | ||
| 008 | 221006b |||||||| |||| 00| 0 eng d | ||
| 020 |
_a0471489220 (pbk) _c _ 55.95 |
||
| 024 | _a9032 | ||
| 037 |
_bClassic, _cTextual |
||
| 040 |
_aPAPL _cPAPL _beng |
||
| 041 |
_2eng _aeng |
||
| 082 | _aC9B3,7:35, P1 | ||
| 100 |
_aLevitt Malcolm H _9717122 |
||
| 245 | 0 | _aSpin dynamics: basics of nuclear magnetic resonance by Malcolm H Levitt | |
| 260 |
_aChichester _bJohn Wiley Sons, Ltd. _c2001 |
||
| 300 |
_axxiv,686p _ccm. |
||
| 500 | _aAppendices 571-638p; Index 669-686p; 6n23/CSL/CARPA/2001-2002/560^d2001-11-22^mPurchase; ; 2001-2002/413^b2002-01-07^c451^d2001-11-22^eRs.2,454.00^fClassic Book Service; ; 2002-03-25^bSB^c2002-05-30^dRPS | ||
| 650 | _a Atomic molecular | ||
| 650 |
_a Nuclear Magnetic Resonance _9717123 |
||
| 650 | _aPhysics | ||
| 942 |
_hC9B3,7:35, P1 _cTEXL _2CC |
||
| 999 |
_c1211735 _d1211735 |
||